Illustrated world encyclopedia (Record no. 52478)
[ view plain ]
| 000 -LEADER | |
|---|---|
| fixed length control field | 00525nam a2200193Ia 4500 |
| 001 - CONTROL NUMBER | |
| control field | 55122 |
| 008 - FIXED-LENGTH DATA ELEMENTS--GENERAL INFORMATION | |
| fixed length control field | 140505s9999 xx 000 0 und d |
| 020 ## - INTERNATIONAL STANDARD BOOK NUMBER | |
| International Standard Book Number | NA |
| 040 ## - CATALOGING SOURCE | |
| Transcribing agency | PK-LaUMT |
| 082 ## - DEWEY DECIMAL CLASSIFICATION NUMBER | |
| Classification number | MAL 030.0222 |
| Item number | ILL- |
| 100 ## - MAIN ENTRY--PERSONAL NAME | |
| Personal name | Morehead, Albert H. |
| 245 ## - TITLE STATEMENT | |
| Title | Illustrated world encyclopedia |
| Statement of responsibility, etc | Morehead, Albert H.<>Busoni, Rafaello |
| 260 ## - PUBLICATION, DISTRIBUTION, ETC. (IMPRINT) | |
| Place of publication, distribution, etc | Woodbury,USA: |
| Name of publisher, distributor, etc | Illustrated World Encyclopedia, |
| Date of publication, distribution, etc | 1970 |
| 300 ## - PHYSICAL DESCRIPTION | |
| Extent | 246 p. |
| 546 ## - LANGUAGE NOTE | |
| Language note | EN |
| 650 ## - SUBJECT ADDED ENTRY--TOPICAL TERM | |
| Topical term or geographic name as entry element | World Encyclopedia |
| 700 ## - ADDED ENTRY--PERSONAL NAME | |
| Personal name | Busoni, Rafaello |
| 942 ## - ADDED ENTRY ELEMENTS (KOHA) | |
| Koha item type | Books |
| Withdrawn status | Lost status | Damaged status | Not for loan | Home library | Current library | Date acquired | Total Checkouts | Full call number | Barcode | Date last seen | Price effective from | Koha item type |
|---|---|---|---|---|---|---|---|---|---|---|---|---|
| UMT Main Campus | UMT Main Campus | 2014-05-05 | MAL 030.0222 ILL- | 75792 | 2014-05-08 | 2014-05-08 | Books |
